[Event "WYCC Open U10"]
[Site "Porto Carras"]
[Date "2010.10.21"]
[EventDate "2010.10.20"]
[Round "2.1"]
[Result "0-1"]
[White "Liri Nima Shirani"]
[Black "Samuel Sevian"]
[WhiteElo "1671"]
[BlackElo "2105"]
[PlyCount "88"]

1. d4 d5 2. c4 c6 3. cxd5 cxd5 4. Nc3 Nf6 5. Nf3 Nc6 6. Bf4
Bf5 7. e3 e6 8. Bb5 Nd7 9. Qa4 Qb6 10. Nh4 Bg4 11. h3 Bh5
12. e4 Bb4 13. Bxc6 bxc6 14. exd5 Qxd4 15. Qxc6 O-O 16. Be3
Qd3 17. g4 Rac8 18. Rd1 Bxc3+ 19. bxc3 Qe4 20. Qxd7 Qxh1+
21. Ke2 Qxh3 22. gxh5 Qxh4 23. dxe6 Qg4+ 24. Ke1 Qxe6 25. Qxe6
fxe6 26. Bxa7 Rxc3 27. Rd7 e5 28. Re7 Rc1+ 29. Ke2 Rc2+
30. Kd3 Rxa2 31. Ke4 Ra4+ 32. Kxe5 Ra5+ 33. Ke4 Rxh5 34. Bd4
Rh4+ 35. Ke3 Rg4 36. f3 Rg3 37. Ke4 h5 38. f4 h4 39. Re5 h3
40. Rh5 Ra8 41. Bf2 Ra4+ 42. Ke5 Ra5+ 43. Ke4 Rxh5 44. Bxg3 h2
0-1

[Event "WYCC Open U10"]
[Site "Porto Carras"]
[Date "2010.10.22"]
[EventDate "2010.10.20"]
[Round "3.1"]
[Result "1-0"]
[White "Samuel Sevian"]
[Black "Timur Trubchaninov"]
[WhiteElo "2105"]
[BlackElo "1757"]
[PlyCount "61"]

1. e4 c5 2. Nf3 Nc6 3. Nc3 g6 4. Bc4 Bg7 5. O-O Nf6 6. Re1 O-O
7. d4 cxd4 8. Nxd4 d6 9. Bg5 h6 10. Bh4 Qb6 11. Nb3 Ne5
12. Bxf6 Bxf6 13. Nd5 Qd8 14. Nxf6+ exf6 15. Bd5 Qc7 16. Nd4
Bd7 17. Qd2 Kg7 18. b3 Bc6 19. c4 Bxd5 20. exd5 Rfe8 21. Re2
f5 22. Rae1 Qd7 23. h3 f6 24. Ne6+ Kh7 25. f4 Nf7 26. Qb2 Ne5
27. fxe5 fxe5 28. c5 e4 29. cxd6 Rg8 30. Rc1 Rac8 31. Rec2 1-0

[Event "WYCC Open U10"]
[Site "Porto Carras"]
[Date "2010.10.23"]
[EventDate "2010.10.20"]
[Round "4.1"]
[Result "0-1"]
[White "Y Grahesh"]
[Black "Samuel Sevian"]
[WhiteElo "1795"]
[BlackElo "2105"]
[PlyCount "156"]

1. c4 c6 2. Nc3 d5 3. cxd5 cxd5 4. d4 Nf6 5. Nf3 Nc6 6. Bf4
Bf5 7. e3 e6 8. Bd3 Bxd3 9. Qxd3 Be7 10. O-O O-O 11. Rac1 a6
12. a3 Rc8 13. b4 b5 14. Rc2 Bxb4 15. Na2 Be7 16. Rfc1 Qd7
17. a4 Qb7 18. axb5 axb5 19. Rb1 Na7 20. Rcb2 Ne4 21. Nd2 Nxd2
22. Qxd2 Rc4 23. Nb4 Bxb4 24. Rxb4 Rfc8 25. g3 Rc2 26. Qd3
R8c3 27. Qf1 Qc8 28. Kg2 Qd7 29. Bb8 Rxe3 30. Bxa7 Qxa7
31. Qxb5 h5 32. Qe8+ Kh7 33. Ra4 Qc7 34. Ra8 Ree2 35. Rf1 Kg6
36. Qh8 Qc4 37. g4 hxg4 38. h4 Qxd4 39. h5+ Kf6 40. Qd8+ Kf5
41. Qh4 Qe4+ 42. Kg1 Re1 43. Ra1 Rxa1 44. Rxa1 Rb2 45. Rf1 Rb1
46. h6 Rxf1+ 47. Kxf1 gxh6 48. Qh5+ Kf6 49. Qxh6+ Qg6 50. Qf4+
Kg7 51. Qd4+ Kg8 52. Qb6 Qf5 53. Qd8+ Kg7 54. Qd6 Qb1+ 55. Kg2
Qe4+ 56. Kf1 d4 57. Qd8 Qd5 58. Qh4 Qf5 59. Qg3 e5 60. Kg1 d3
61. Qe3 Kh7 62. Kf1 Qf3 63. Qxf3 gxf3 64. Ke1 e4 65. Kd2 f5
66. Ke3 Kg6 67. Kd2 f4 68. Kc3 Kf5 69. Kd2 Ke5 70. Kc3 Kd5
71. Kd2 Kd4 72. Ke1 e3 73. fxe3+ fxe3 74. Kd1 f2 75. Kc1 Kc3
76. Kb1 f1=Q+ 77. Ka2 Qh1 78. Ka3 Qa8# 0-1

[Event "WYCC Open U10"]
[Site "Porto Carras"]
[Date "2010.10.24"]
[EventDate "2010.10.20"]
[Round "5.1"]
[Result "1/2-1/2"]
[White "Samuel Sevian"]
[Black "Abhimanyu Puranik"]
[WhiteElo "2105"]
[BlackElo "1790"]
[PlyCount "80"]

1. e4 e6 2. d3 d5 3. Nd2 c5 4. Ngf3 Nc6 5. g3 Nf6 6. Bg2 Be7
7. O-O O-O 8. e5 Nd7 9. Re1 b5 10. Nf1 a5 11. h4 Ba6 12. N1h2
b4 13. Bf4 a4 14. a3 bxa3 15. bxa3 Rb8 16. h5 Rb2 17. Qc1 Rb7
18. h6 g6 19. Qe3 Rb2 20. Qc1 Qb6 21. Bd2 Rb5 22. Bg5 Bxg5
23. Qxg5 Qd8 24. Qf4 Rb2 25. Rac1 d4 26. Ng4 Ne7 27. Ng5 Bb7
28. Be4 Bxe4 29. dxe4 Nc6 30. Rb1 Rb8 31. Kg2 Qe7 32. Nf6+
Nxf6 33. exf6 Qd7 34. Nf3 c4 35. Ne5 Nxe5 36. Qxe5 Rxb1
37. Rxb1 d3 38. Rb8 Rd8 39. cxd3 cxd3 40. Qb5 Qd6 1/2-1/2

[Event "WYCC Open U10"]
[Site "Porto Carras"]
[Date "2010.10.24"]
[EventDate "2010.10.20"]
[Round "6.2"]
[Result "0-1"]
[White "Kamil Koziol"]
[Black "Samuel Sevian"]
[WhiteElo "1714"]
[BlackElo "2105"]
[PlyCount "80"]

1. e4 e5 2. Nf3 Nc6 3. Nc3 Nf6 4. d4 exd4 5. Nd5 Be7 6. Nxd4
Nxd5 7. exd5 Nxd4 8. Qxd4 O-O 9. Be3 Bf6 10. Qb4 a5 11. Qb3 a4
12. Qb4 a3 13. c3 axb2 14. Qxb2 Qe7 15. Qd2 Ra3 16. Rc1 Qe4
17. Qb2 Ra8 18. Qb3 Bh4 19. c4 Re8 20. Rc3 Ra6 21. Kd2 Bf6
22. Rc1 d6 23. f3 Rxa2+ 24. Qxa2 Qxe3+ 25. Kd1 Qe1+ 26. Kc2
Bf5+ 27. Bd3 Qe2+ 28. Kb3 Qxd3+ 29. Kb4 Bd4 30. c5 dxc5+
31. Rxc5 Bxc5+ 32. Kxc5 Qc3+ 33. Qc4 b6+ 34. Kb5 Bd3 35. Qxd3
Qxd3+ 36. Kc6 Qc4+ 37. Kb7 Qxd5+ 38. Kxc7 Re7+ 39. Kxb6 Rb7+
40. Ka6 Qb5# 0-1

[Event "WYCC Open U10"]
[Site "Porto Carras"]
[Date "2010.10.27"]
[EventDate "2010.10.20"]
[Round "8.3"]
[Result "1-0"]
[White "Bhaskar Gupta"]
[Black "Samuel Sevian"]
[WhiteElo "1742"]
[BlackElo "2105"]
[PlyCount "99"]

1. e4 e5 2. Nf3 Nc6 3. Bb5 a6 4. Ba4 Nf6 5. d3 d6 6. c3 b5
7. Bc2 Be7 8. Nbd2 O-O 9. Nf1 d5 10. exd5 Nxd5 11. Ne3 Nxe3
12. Bxe3 Bg4 13. O-O f5 14. h3 Bh5 15. Kh1 Kh8 16. Rg1 Qd6
17. b4 Qf6 18. a4 Rad8 19. Qe2 Bd6 20. axb5 axb5 21. Rge1 e4
22. dxe4 Ne5 23. Bg5 Qe6 24. exf5 Qc8 25. g4 Nxf3 26. Qxf3 Bf7
27. Bxd8 Qxd8 28. Be4 Qf6 29. Ra8 Rxa8 30. Bxa8 h6 31. Bd5
Bxd5 32. Qxd5 Kh7 33. Re8 Bf8 34. Qe6 Qxc3 35. Qg6+ Kg8
36. Qe6+ Kh7 37. Rxf8 Qxh3+ 38. Kg1 Qxg4+ 39. Kf1 Qd1+ 40. Qe1
Qd3+ 41. Kg1 Qd6 42. Re8 Qf6 43. Re6 Qg5+ 44. Kf1 Qh5 45. Qe4
Qh3+ 46. Kg1 Qh5 47. f6+ Qg6+ 48. Qxg6+ Kxg6 49. fxg7+ Kxg7
50. Rc6 1-0

[Event "WYCC Open U10"]
[Site "Porto Carras"]
[Date "2010.10.28"]
[EventDate "2010.10.20"]
[Round "9.7"]
[Result "1-0"]
[White "Samuel Sevian"]
[Black "Martin Petrov"]
[WhiteElo "2105"]
[BlackElo "1858"]
[PlyCount "49"]

1. e4 c5 2. Nf3 d6 3. d4 cxd4 4. Nxd4 Nf6 5. Nc3 a6 6. Be2 e5
7. Nb3 Be7 8. O-O O-O 9. Kh1 Be6 10. f4 Qc7 11. f5 Bc4 12. g4
h6 13. g5 hxg5 14. Bxg5 b5 15. Bxc4 Qxc4 16. Bxf6 Bxf6 17. Qg4
Qc8 18. Nd5 Qd8 19. Na5 Ra7 20. Rg1 g6 21. b4 Bg7 22. Raf1 Qc8
23. Qh4 Re8 24. f6 Bf8 25. Rf3 1-0

[Event "WYCC Open U10"]
[Site "Porto Carras"]
[Date "2010.10.29"]
[EventDate "2010.10.20"]
[Round "10.5"]
[Result "0-1"]
[White "Vuk Djordjevic"]
[Black "Samuel Sevian"]
[WhiteElo "1826"]
[BlackElo "2105"]
[PlyCount "104"]

1. e4 e5 2. Nf3 Nc6 3. d4 exd4 4. Nxd4 Nf6 5. Nxc6 bxc6 6. Bd3
d5 7. exd5 cxd5 8. Bb5+ Bd7 9. Bxd7+ Qxd7 10. O-O Be7 11. b3
O-O 12. Nd2 c5 13. Bb2 Rad8 14. Nf3 Rfe8 15. Ne5 Qc7 16. f4 d4
17. g3 Nd5 18. Qf3 Ne3 19. Rfc1 Bd6 20. Nd3 Qb6 21. a4 a5
22. Ba3 Rc8 23. Nf2 Bf8 24. Rab1 Qa7 25. Kh1 Qd7 26. h3 Rcd8
27. Kh2 Qe6 28. Re1 Qf5 29. Rec1 Nxc2 30. g4 Qg6 31. Bb2 Re3
32. Qd1 Nb4 33. Qf1 Qd6 34. Nh1 Nd3 35. Ng3 Nxc1 36. Bxc1 Rc3
37. Rb2 Rb8 38. Ne4 Qd5 39. Nxc3 dxc3 40. Rc2 Qxb3 41. Qd3
Qxa4 42. Rxc3 Re8 43. f5 Qc6 44. Bf4 a4 45. g5 Re1 46. Qd8
Re2+ 47. Kg3 Rg2+ 48. Kh4 Qe4 49. Qb8 Rb2 50. Qe5 Qxe5
51. Bxe5 Rb4+ 52. Kg3 Rb3 0-1

[Event "WYCC Open U10"]
[Site "Porto Carras"]
[Date "2010.10.30"]
[EventDate "2010.10.20"]
[Round "11.3"]
[Result "1/2-1/2"]
[White "Samuel Sevian"]
[Black "Vignesh Panchanatham"]
[WhiteElo "2105"]
[BlackElo "1803"]
[PlyCount "66"]

1. e4 e6 2. d3 d5 3. Nd2 c5 4. Ngf3 Nc6 5. g3 g6 6. Bg2 Bg7
7. O-O Nge7 8. Re1 b6 9. Qe2 a5 10. a3 Ba6 11. e5 Qc7 12. h4
Nf5 13. c3 h6 14. Nf1 c4 15. d4 b5 16. Ne3 Nxe3 17. fxe3 O-O-O
18. e4 Ne7 19. exd5 Nxd5 20. Nd2 a4 21. Ne4 Bf8 22. Rf1 Bb7
23. Bd2 Rh7 24. Rf2 Be7 25. Raf1 Rf8 26. h5 g5 27. Kh2 Kd7
28. Qg4 Nb6 29. Rd1 Rg7 30. Bc1 Bd5 31. Rdf1 Qc6 32. Nf6+ Bxf6
33. exf6 Rgg8 1/2-1/2

[Event "20th Metropolitan IM"]
[Site "Los Angeles USA"]
[Date "2012.07.11"]
[EventDate "2012.07.11"]
[Round "1"]
[Result "1/2-1/2"]
[White "Samuel Sevian"]
[Black "Yian Liou"]
[WhiteElo "2281"]
[BlackElo "2322"]
[PlyCount "81"]

1. e4 c5 2. Nf3 e6 3. d4 cxd4 4. Nxd4 a6 5. Nc3 Qc7 6. Be2 Bb4
7. O-O Nf6 8. Qd3 O-O 9. f4 d6 10. Bf3 Nbd7 11. Nb3 e5 12. f5
Bxc3 13. bxc3 a5 14. a4 Rd8 15. g4 b6 16. Qe3 Ba6 17. Rd1 Rac8
18. g5 Ne8 19. Bb2 Qc6 20. Rd2 Nc5 21. Nxc5 Qxc5 22. Kf2 Kf8
23. h4 Bb7 24. h5 Qxe3+ 25. Kxe3 Rc4 26. Rh2 Nc7 27. h6 g6
28. fxg6 fxg6 29. Kd3 Ba6 30. Ke3 Bb7 31. Kd3 Rc6 32. Rf2 Ke7
33. Bg4 Ba6+ 34. Ke3 Bc4 35. Rd1 Na6 36. Be2 Bxe2 37. Kxe2 Rf8
38. Rxf8 Kxf8 39. Ba3 Ke7 40. Kd3 Nc7 41. Bc1 1/2-1/2

[Event "20th Metropolitan IM"]
[Site "Los Angeles USA"]
[Date "2012.07.12"]
[EventDate "2012.07.11"]
[Round "2"]
[Result "1/2-1/2"]
[White "Zhanibek Amanov"]
[Black "Samuel Sevian"]
[WhiteElo "2384"]
[BlackElo "2281"]
[PlyCount "123"]

1. c4 c6 2. e4 d5 3. cxd5 cxd5 4. exd5 Nf6 5. Nc3 Nxd5 6. Nf3
Nc6 7. Bb5 Nxc3 8. bxc3 a6 9. Bxc6+ bxc6 10. Qa4 Bd7 11. Ne5
e6 12. Qg4 Qf6 13. d4 Bd6 14. Nc4 Bc7 15. Ba3 h5 16. Qe2 h4
17. Bd6 Bxd6 18. Nxd6+ Ke7 19. Ne4 Qg6 20. O-O Rh5 21. Rab1
Rb5 22. Rb3 h3 23. g3 Qf5 24. c4 Rxb3 25. axb3 Rd8 26. f4 Be8
27. Qe3 f6 28. Re1 Bg6 29. Nc5 Rd6 30. Qc3 Qc2 31. Qxc2 Bxc2
32. Kf2 Rxd4 33. Rxe6+ Kf7 34. Re2 Bd1 35. Ra2 Bg4 36. Ke3 Rd1
37. Nxa6 Re1+ 38. Kf2 Rh1 39. Ke3 Re1+ 40. Kd4 Bf3 41. Nc5 Rb1
42. f5 g5 43. fxg6+ Kxg6 44. Nd3 Kg5 45. Nf2 Bg2 46. Kc3 f5
47. Re2 Rf1 48. Kd4 f4 49. gxf4+ Kxf4 50. Nd3+ Kg4 51. Ne1 Bh1
52. b4 Rf5 53. Nd3 Bg2 54. Ne5+ Kg5 55. Nd3 Rf1 56. Re3 Rh1
57. Rg3+ Kf5 58. Nf2 Rxh2 59. Ke3 Bf1 60. Rf3+ Ke6 61. b5 cxb5
62. cxb5 1/2-1/2

[Event "20th Metropolitan IM"]
[Site "Los Angeles USA"]
[Date "2012.07.13"]
[EventDate "2012.07.11"]
[Round "4"]
[Result "1-0"]
[White "Samuel Sevian"]
[Black "William Mark Duckworth"]
[WhiteElo "2281"]
[BlackElo "2302"]
[PlyCount "79"]

1. e4 c5 2. Nf3 d6 3. d4 cxd4 4. Nxd4 Nf6 5. Nc3 g6 6. Be3 Bg7
7. f3 Nc6 8. Qd2 O-O 9. Bc4 Bd7 10. Bb3 Qa5 11. O-O-O Rfc8
12. Kb1 Ne5 13. h4 Nc4 14. Bxc4 Rxc4 15. Nb3 Qc7 16. g4 Be6
17. h5 Rc8 18. hxg6 fxg6 19. Bd4 Qd7 20. Qh2 Bf7 21. f4 Rxd4
22. Rxd4 Qxg4 23. Rg1 Qh5 24. Qg2 Qh4 25. e5 Nh5 26. f5 Nf4
27. Qxb7 Rf8 28. f6 exf6 29. e6 Bxe6 30. Rf1 g5 31. Rxd6 Bh3
32. Rfd1 Bg4 33. Rg1 h5 34. Nd4 Qf2 35. Rc1 h4 36. Ne4 Qg2
37. Ne6 Bxe6 38. Rxe6 h3 39. Re7 Bh8 40. Qb3+ 1-0

[Event "20th Metropolitan IM"]
[Site "Los Angeles USA"]
[Date "2012.07.13"]
[EventDate "2012.07.11"]
[Round "5"]
[Result "1/2-1/2"]
[White "Andranik Matikozian"]
[Black "Samuel Sevian"]
[WhiteElo "2407"]
[BlackElo "2281"]
[PlyCount "42"]

1. e4 e5 2. Nf3 Nc6 3. Bc4 h6 4. O-O d6 5. Re1 g6 6. d4 Bg7
7. dxe5 dxe5 8. Qxd8+ Nxd8 9. c3 Ne7 10. a4 Be6 11. Na3 O-O
12. Be3 g5 13. Nd2 Ng6 14. f3 Bxc4 15. Ndxc4 Ne6 16. Red1 a6
17. g3 Rfd8 18. Kf2 Rxd1 19. Rxd1 Rd8 20. Rxd8+ Nxd8 21. Ke2
Bf8 1/2-1/2

[Event "20th Metropolitan IM"]
[Site "Los Angeles USA"]
[Date "2012.07.14"]
[EventDate "2012.07.11"]
[Round "7"]
[Result "0-1"]
[White "Larry Remlinger"]
[Black "Samuel Sevian"]
[WhiteElo "2333"]
[BlackElo "2281"]
[PlyCount "64"]

1. d4 Nf6 2. c4 c5 3. d5 e6 4. Nc3 exd5 5. cxd5 d6 6. e4 g6
7. f4 Bg7 8. Bb5+ Nfd7 9. Nf3 O-O 10. O-O a6 11. Bd3 b5 12. a3
c4 13. Bc2 Nc5 14. f5 Nbd7 15. Kh1 Rb8 16. Bg5 Bf6 17. Bh6 Re8
18. Qd2 a5 19. Rae1 b4 20. axb4 axb4 21. Nd1 Ba6 22. fxg6 hxg6
23. Qf4 c3 24. b3 Bd3 25. Bxd3 Nxd3 26. Qxd6 Nxe1 27. Rxe1 Ne5
28. Qa6 Ng4 29. Bf4 c2 30. Ne3 Nxe3 31. Bxe3 Rxe4 32. Qd3 Qe8
0-1

[Event "20th Metropolitan IM"]
[Site "Los Angeles USA"]
[Date "2012.07.15"]
[EventDate "2012.07.11"]
[Round "8"]
[Result "1-0"]
[White "Samuel Sevian"]
[Black "Tatev Abrahamyan"]
[WhiteElo "2281"]
[BlackElo "2320"]
[PlyCount "43"]

1. e4 e6 2. d4 d5 3. Nc3 Bb4 4. e5 c5 5. a3 Bxc3+ 6. bxc3 Ne7
7. Qg4 O-O 8. Bd3 Nbc6 9. Bg5 Qa5 10. Ne2 Qa4 11. h4 c4
12. Bxh7+ Kxh7 13. Kd2 Rh8 14. h5 Nf5 15. h6 g6 16. Bf6 Rg8
17. Ng1 Ncxd4 18. Rc1 Nb5 19. Nf3 g5 20. Qh5 Nbd6 21. exd6
Nxd6 22. Ke1 1-0

[Event "23rd Metropolitan GM"]
[Site "Los Angeles USA"]
[Date "2012.12.20"]
[EventDate "2012.12.19"]
[Round "3"]
[Result "0-1"]
[White "Darwin Yang"]
[Black "Samuel Sevian"]
[WhiteElo "2493"]
[BlackElo "2343"]
[PlyCount "98"]

1. d4 Nf6 2. c4 c5 3. d5 e6 4. Nc3 exd5 5. cxd5 d6 6. g3 g6
7. Bg2 Bg7 8. Nf3 O-O 9. O-O a6 10. a4 Re8 11. Bf4 Nh5 12. Bg5
Qc7 13. Rc1 h6 14. Bd2 Nd7 15. b3 Rb8 16. b4 b5 17. e4 Qd8
18. Rb1 cxb4 19. Rxb4 Qc7 20. Ne2 Nc5 21. axb5 axb5 22. Nfd4
Nxe4 23. Nxb5 Rxb5 24. Rxb5 Nxd2 25. Qxd2 Ba6 26. Qa5 Qxa5
27. Rxa5 Bxe2 28. Rb1 Bd4 29. Ra4 Bc5 30. g4 Nf6 31. Re1 Bb5
32. Rxe8+ Bxe8 33. Ra8 Kg7 34. Bf3 Bb5 35. Ra1 Bc4 36. Rd1 g5
37. Kg2 Nd7 38. Kg3 Kf6 39. Rc1 Ne5 40. Be4 Bd3 41. Bg2 Ng6
42. Rd1 Nf4 43. Bf3 Bc4 44. h4 Bb3 45. Rd2 Ke5 46. h5 Bxd5
47. Bxd5 Nxd5 48. Re2+ Kf6 49. Re8 Nf4 0-1

[Event "23rd Metropolitan GM"]
[Site "Los Angeles USA"]
[Date "2012.12.22"]
[EventDate "2012.12.19"]
[Round "6"]
[Result "1/2-1/2"]
[White "Samuel Sevian"]
[Black "Alejandro Ramirez Alvarez"]
[WhiteElo "2343"]
[BlackElo "2554"]
[PlyCount "82"]

1. e4 c5 2. Nf3 e6 3. d4 cxd4 4. Nxd4 a6 5. Nc3 b5 6. Be2 Bb7
7. Bf3 d6 8. O-O Nd7 9. a4 b4 10. Na2 Ne5 11. Nxb4 d5 12. c3
Nxf3+ 13. Qxf3 dxe4 14. Qg3 Nf6 15. Nbc6 Qd5 16. Qc7 Bxc6
17. Qxc6+ Qxc6 18. Nxc6 Rc8 19. Nd4 Bc5 20. Nc2 Ke7 21. Be3
Nd5 22. Rfd1 f5 23. g3 Nxe3 24. fxe3 h5 25. Rd2 h4 26. Rad1
hxg3 27. hxg3 Rh3 28. Rg2 g5 29. Nd4 Kf6 30. Rf1 g4 31. Kf2 e5
32. Nc2 a5 33. Ke2 Rb8 34. Rb1 Rb3 35. Na1 Rb7 36. Nc2 Rh8
37. b4 axb4 38. cxb4 Be7 39. a5 Rhb8 40. Rh2 Rb5 41. Rh6+ Kg7
1/2-1/2

[Event "23rd Metropolitan GM"]
[Site "Los Angeles USA"]
[Date "2012.12.22"]
[EventDate "2012.12.19"]
[Round "7"]
[Result "1/2-1/2"]
[White "Melikset Khachiyan"]
[Black "Samuel Sevian"]
[WhiteElo "2479"]
[BlackElo "2343"]
[PlyCount "25"]

1. c4 e5 2. Nc3 Nf6 3. g3 c6 4. d4 exd4 5. Qxd4 d5 6. Bg2 Be6
7. cxd5 cxd5 8. Nf3 Nc6 9. Qa4 Bc5 10. O-O O-O 11. Bg5 h6
12. Bxf6 Qxf6 13. e4 1/2-1/2

[Event "22nd North American Open"]
[Site "Las Vegas USA"]
[Date "2012.12.26"]
[EventDate "2012.12.26"]
[Round "2.10"]
[Result "1/2-1/2"]
[White "Joshua E Friedel"]
[Black "Samuel Sevian"]
[WhiteElo "2494"]
[BlackElo "2343"]
[PlyCount "59"]

1. c4 e5 2. Nc3 Nf6 3. Nf3 Nc6 4. g3 Nd4 5. Bg2 Nxf3+ 6. Bxf3
Bb4 7. Qb3 Bc5 8. O-O O-O 9. Na4 Be7 10. d4 exd4 11. Rd1 d6
12. Rxd4 Nd7 13. Bf4 Bf6 14. Rd2 Ne5 15. Bg2 Rb8 16. Nc3 Be6
17. Nd5 c6 18. Nxf6+ Qxf6 19. Rxd6 Nxc4 20. Rxe6 Qxe6 21. Bxb8
Rxb8 22. Rd1 Nb6 23. Qxe6 fxe6 24. Rd4 Kf7 25. a4 a5 26. b4
axb4 27. Rxb4 Nd5 28. Rb3 b5 29. e4 Nc7 30. axb5 1/2-1/2

[Event "22nd North American Open"]
[Site "Las Vegas USA"]
[Date "2012.12.27"]
[EventDate "2012.12.26"]
[Round "3.9"]
[Result "0-1"]
[White "Samuel Sevian"]
[Black "Alexander Shabalov"]
[WhiteElo "2343"]
[BlackElo "2578"]
[PlyCount "92"]

1. e4 e6 2. d4 d5 3. Nc3 Nf6 4. Bg5 dxe4 5. Nxe4 Be7 6. Bxf6
gxf6 7. Nf3 a6 8. Bc4 f5 9. Nc3 b5 10. Bb3 c5 11. dxc5 Qxd1+
12. Rxd1 Bb7 13. a4 b4 14. Ne2 Nd7 15. Rxd7 Kxd7 16. Ne5+ Ke8
17. c6 Bc8 18. f4 Bd6 19. Nc4 Ke7 20. a5 Rd8 21. Ba4 Bc7
22. Rf1 Rb8 23. Rf3 Rd5 24. Rh3 Bxa5 25. Ne5 b3+ 26. c3 Bc7
27. Nxf7 Ra5 28. Rxh7 Rxa4 29. c4 Kf6 30. Nh8 Ba5+ 31. Kf2 e5
32. fxe5+ Kxe5 33. c7 Rb7 34. Nf7+ Kf6 35. Nd6 Rxc7 36. Ne8+
Kg6 37. Rxc7 Bxc7 38. Nxc7 Rxc4 39. Nd5 Bb7 40. Ne3 Rc5
41. Nf4+ Kf6 42. Nd3 Rc8 43. Ke2 a5 44. Kd2 a4 45. g3 Be4
46. Nb4 a3 0-1

[Event "22nd North American Open"]
[Site "Las Vegas USA"]
[Date "2012.12.28"]
[EventDate "2012.12.26"]
[Round "5.13"]
[Result "1-0"]
[White "Mackenzie Molner"]
[Black "Samuel Sevian"]
[WhiteElo "2479"]
[BlackElo "2343"]
[PlyCount "63"]

1. c4 e5 2. g3 Nf6 3. Bg2 c6 4. d4 exd4 5. Qxd4 d5 6. Nf3 dxc4
7. Qxc4 Be7 8. O-O O-O 9. Nc3 Be6 10. Qf4 Na6 11. Nd4 Nc7
12. Rd1 Qc8 13. e4 Rd8 14. Be3 h6 15. h4 Bg4 16. Nf5 Rxd1+
17. Rxd1 Bb4 18. Nxg7 Bxd1 19. Qxf6 Qd8 20. Qe5 f6 21. Qf4
Bxc3 22. bxc3 Kxg7 23. Qxh6+ Kg8 24. Qg6+ Kh8 25. Qh6+ Kg8
26. Qg6+ Kh8 27. Bd4 Ne8 28. e5 c5 29. exf6 cxd4 30. f7 Nf6
31. Qh6+ Nh7 32. Be4 1-0

[Event "US Chess Championships"]
[Site "Saint Louis USA"]
[Date "2013.05.03"]
[EventDate "2013.05.03"]
[Round "1"]
[Result "1/2-1/2"]
[White "Samuel Sevian"]
[Black "Alejandro Ramirez Alvarez"]
[WhiteElo "2371"]
[BlackElo "2551"]
[PlyCount "96"]

1. e4 e5 2. Nf3 Nc6 3. Bb5 a6 4. Ba4 Nf6 5. O-O Be7 6. Re1 b5
7. Bb3 d6 8. c3 O-O 9. h3 Nb8 10. d4 Nbd7 11. Nbd2 Bb7 12. Bc2
Re8 13. Nf1 Bf8 14. Ng3 g6 15. b3 c6 16. Bb2 Bg7 17. Qd2 Qc7
18. Rad1 Rad8 19. Qc1 Nf8 20. Qa1 N6d7 21. Bd3 Ne6 22. Bf1
exd4 23. cxd4 d5 24. exd5 cxd5 25. a4 Qb6 26. b4 Bf8 27. Bc3
Rc8 28. axb5 axb5 29. Qb2 Bg7 30. Qd2 Rc7 31. Rc1 Rec8 32. Bb2
Rxc1 33. Rxc1 Rxc1 34. Qxc1 Nb8 35. Ne2 Nc6 36. Qd2 Qa7
37. Nc3 Nexd4 38. Nxd4 Qxd4 39. Qxd4 Bxd4 40. Bxb5 Nxb4
41. Nxd5 Bxf2+ 42. Kxf2 Nxd5 43. g3 Bc8 44. g4 h5 45. gxh5
gxh5 46. Kg3 Ne7 47. Bd3 Bf5 48. Bxf5 Nxf5+ 1/2-1/2

[Event "US Chess Championships"]
[Site "Saint Louis USA"]
[Date "2013.05.05"]
[EventDate "2013.05.03"]
[Round "3"]
[Result "0-1"]
[White "Samuel Sevian"]
[Black "Alexander Shabalov"]
[WhiteElo "2371"]
[BlackElo "2544"]
[PlyCount "80"]

1. e4 c5 2. Nf3 Nc6 3. Nc3 e6 4. d4 cxd4 5. Nxd4 d6 6. Be2 Nf6
7. O-O Be7 8. Kh1 O-O 9. Be3 e5 10. Nb3 Be6 11. Bf3 a5 12. Nd5
a4 13. Nd2 Bxd5 14. exd5 Nb4 15. c4 Nd7 16. Be2 f5 17. Nb1 e4
18. Nc3 Ne5 19. Bd4 Bf6 20. Nxa4 Nbd3 21. c5 Ng4 22. Bxf6
Ngxf2+ 23. Kg1 Qxf6 24. Rxf2 Nxf2 25. Kxf2 f4 26. Nc3 Rae8
27. Bg4 Re5 28. Be6+ Kh8 29. Qd4 f3 30. Nxe4 Qh4+ 31. Ke3 fxg2
32. cxd6 Rf1 33. Rxf1 gxf1=Q 34. Qxe5 Qhe1+ 35. Kd4 Qb4+
36. Ke3 Qb6+ 37. Kd2 Qg2+ 38. Kd3 Qf3+ 39. Kc2 Qe2+ 40. Nd2
Qxe5 0-1

[Event "US Chess Championships"]
[Site "Saint Louis USA"]
[Date "2013.05.07"]
[EventDate "2013.05.03"]
[Round "5"]
[Result "0-1"]
[White "Samuel Sevian"]
[Black "Kayden W Troff"]
[WhiteElo "2371"]
[BlackElo "2421"]
[PlyCount "80"]

1. e4 c5 2. Nf3 d6 3. d4 cxd4 4. Nxd4 Nf6 5. Nc3 a6 6. Bc4 e6
7. O-O b5 8. Bb3 Be7 9. Qf3 Qc7 10. Qg3 O-O 11. Bh6 Ne8
12. Rfe1 Bf6 13. Be3 Bd7 14. a3 Nc6 15. Nxc6 Bxc6 16. Bf4 a5
17. Qd3 Qb7 18. Nd1 a4 19. Ba2 Rd8 20. f3 Nc7 21. Bd2 Na6
22. Bc3 Bxc3 23. Nxc3 b4 24. axb4 Nxb4 25. Qd2 Qb6+ 26. Kh1 d5
27. exd5 exd5 28. Bb1 Rde8 29. Rg1 Qe3 30. Qxe3 Rxe3 31. Ra3
d4 32. Nd1 Rxa3 33. bxa3 Nd5 34. c4 dxc3 35. Be4 Rc8 36. Re1
g6 37. Re2 Nb4 38. Bb1 Bb5 39. Re5 Bd3 40. Bxd3 Nxd3 0-1

[Event "US Chess Championships"]
[Site "Saint Louis USA"]
[Date "2013.05.09"]
[EventDate "2013.05.03"]
[Round "6"]
[Result "1/2-1/2"]
[White "Marc Tyler Arnold"]
[Black "Samuel Sevian"]
[WhiteElo "2538"]
[BlackElo "2371"]
[PlyCount "61"]

1. Nf3 d5 2. c4 c6 3. e3 Nf6 4. Nc3 e6 5. Qc2 Nbd7 6. d4 Bd6
7. Bd3 O-O 8. O-O dxc4 9. Bxc4 b5 10. Bd3 Bb7 11. Bd2 h6
12. e4 e5 13. dxe5 Nxe5 14. Nxe5 Bxe5 15. h3 a6 16. Be3 c5
17. Bxc5 Re8 18. Rad1 Qc7 19. Be3 Bxc3 20. Qxc3 Qxc3 21. bxc3
Bxe4 22. Bd4 Bxd3 23. Rxd3 Re6 24. a4 Nd5 25. axb5 Nf4 26. Rd2
axb5 27. Be3 Re4 28. Rb1 Rb8 29. Rb4 Rxb4 30. cxb4 Ne6 31. Rd7
1/2-1/2

[Event "US Chess Championships"]
[Site "Saint Louis USA"]
[Date "2013.05.11"]
[EventDate "2013.05.03"]
[Round "8"]
[Result "1/2-1/2"]
[White "Yaacov Norowitz"]
[Black "Samuel Sevian"]
[WhiteElo "2451"]
[BlackElo "2371"]
[PlyCount "130"]

1. d4 d5 2. Nf3 Nf6 3. c4 e6 4. Nc3 c6 5. Qb3 Nbd7 6. Bg5 h6
7. Bh4 Be7 8. e3 O-O 9. cxd5 exd5 10. Bd3 Ne4 11. Bxe7 Qxe7
12. Bxe4 dxe4 13. Nd2 Nf6 14. O-O Bf5 15. Nc4 Be6 16. Qa3 Qxa3
17. Nxa3 a5 18. Na4 Nd7 19. Rfc1 Rfd8 20. Nb1 Kf8 21. Nd2 f5
22. Rc2 Ke7 23. a3 Bd5 24. Rac1 Ra6 25. h4 g5 26. hxg5 hxg5
27. f3 exf3 28. gxf3 g4 29. e4 fxe4 30. fxe4 Be6 31. Re1 b5
32. Nc3 Nf6 33. Ne2 g3 34. e5 Nh5 35. Rc3 Bg4 36. Nxg3 Rxd4
37. Nxh5 Rxd2 38. Nf4 Rd1 39. Rxd1 Bxd1 40. Rd3 Bc2 41. Rd6
Bb3 42. Kf2 b4 43. Ke3 bxa3 44. bxa3 Rb6 45. Kd4 Bf7 46. Nd3
Rb3 47. a4 Ra3 48. Nc5 Be8 49. Rh6 Rf3 50. Rh7+ Rf7 51. Rh4
Rf1 52. Rh7+ Rf7 53. Rxf7+ Bxf7 54. Kc3 Bh5 55. Kc2 Bf3
56. Kd2 Bd5 57. Kc3 Bf3 58. Kd4 Bd1 59. Ke3 Bc2 60. Kd4 Bd1
61. Ke4 Bc2+ 62. Kf4 Bd1 63. Kg5 Bc2 64. Kg4 Bd1+ 65. Kf4 Bc2
1/2-1/2

[Event "US Chess Championships"]
[Site "Saint Louis USA"]
[Date "2013.05.12"]
[EventDate "2013.05.03"]
[Round "9"]
[Result "1/2-1/2"]
[White "Samuel Sevian"]
[Black "Robert Lee Hess"]
[WhiteElo "2371"]
[BlackElo "2595"]
[PlyCount "112"]

1. e4 e6 2. d4 d5 3. Nc3 Nf6 4. Bg5 dxe4 5. Nxe4 Be7 6. Bxf6
gxf6 7. Nf3 a6 8. g3 f5 9. Nc3 c5 10. d5 b5 11. Bg2 Ra7
12. Ne5 O-O 13. O-O Bf6 14. f4 Bg7 15. a4 b4 16. Ne2 exd5
17. Qxd5 Qe7 18. Rad1 Bb7 19. Qd3 Bxg2 20. Kxg2 Qe6 21. Ng1
Rc7 22. b3 Nc6 23. Nxc6 c4 24. Qxc4 Qxc4 25. bxc4 Rxc6 26. Nf3
Rxc4 27. Rf2 Rfc8 28. Rdd2 h6 29. Rfe2 R4c5 30. Kh3 Ra5
31. Rd7 Bf6 32. Ne5 Re8 33. Rd6 Bxe5 34. fxe5 Re6 35. Kh4 Kg7
36. Kh5 Rg6 37. Rd7 Kf8 38. Rd6 Kg7 39. Rd7 Re6 40. Rd6 f4
41. Rxe6 f3 42. Rd2 fxe6 43. Rd7+ Kf8 44. Kg6 Ke8 45. Rf7 Rxa4
46. Rxf3 Ra2 47. Rf4 a5 48. Rc4 Rb2 49. Kxh6 a4 50. c3 Rxh2+
51. Kg6 b3 52. Rxa4 Kd7 53. Rb4 b2 54. Rb5 Rg2 55. Kf6 Rf2+
56. Kg6 Rg2 1/2-1/2